00370cam a2200157ua 45000010005000000080039000050400009000440820013000531000020000662450035000862500009001212600030001303000017001606530018001776530017001953904111208n ii |||gr||||Z||||||asm cMAIN a891.4511 aBora, Mahendra,11aNatun Kabitacby Mahendra Bora a3rd. aDibrugarh:bBanalata,987. a140p:c23cm. aAssamese poem aNatun Kabita